000 00330nam a2200133Ia 4500
008 191014s9999 xx 000 0 und d
020 _a3-540-07050-8
082 _a530.12
_bFLU
100 _aS.Flugge
_920343
245 0 _apractical Quantum Mechanics
260 _aNew York
_bSpringer
_c1971
300 _aXv,287
942 _cBK
999 _c530917
_d530917